Delinquency and disorderly behavior
| Medienart: | Druck Buch |
|---|---|
| Sprache: | Englisch |
| Veröffentlicht: |
Westport [u.a.]
Meckler
1991
|
| In: |
Crime & justice in American history (3)
Jahr: 1991 |
| Bestand in Tübingen: | In Tübingen vorhanden. UB: KB 18 A 8451-3 |
| Verfügbarkeit prüfen: | HBZ Gateway |
| Subito Bestelldienst: | Jetzt bestellen. |
MARC
| LEADER | 00000cam a2200000 cb4500 | ||
|---|---|---|---|
| 001 | 1095347411 | ||
| 003 | DE-627 | ||
| 005 | 20251224220626.0 | ||
| 007 | tu | ||
| 008 | 910820s1991 xx ||||| 00| ||eng c | ||
| 020 | |a 0887364985 |9 0-88736-498-5 | ||
| 035 | |a (DE-627)1095347411 | ||
| 035 | |a (DE-576)025347411 | ||
| 035 | |a (DE-599)BSZ025347411 | ||
| 035 | |a (OCoLC)22114715 | ||
| 035 | |a (DE-604)8065939743 | ||
| 040 | |a DE-627 |b ger |c DE-627 |e rakwb | ||
| 041 | |a eng | ||
| 082 | 0 | |a 364.360973 | |
| 082 | 0 | |a 364.3/6/0973 | |
| 245 | 0 | 0 | |a Delinquency and disorderly behavior |
| 264 | 1 | |a Westport [u.a.] |b Meckler |c 1991 | |
| 300 | |a 398 S. | ||
| 336 | |a Text |b txt |2 rdacontent | ||
| 337 | |a ohne Hilfsmittel zu benutzen |b n |2 rdamedia | ||
| 338 | |a Band |b nc |2 rdacarrier | ||
| 490 | 1 | |a Crime & justice in American history / ed. by Eric H. Monkkonen |v 3 | |
| 583 | 1 | |a Archivierung prüfen |c 20240511 |f DE-640 |z 2 |2 pdager | |
| 830 | 0 | |a Crime & justice in American history |v 3 |9 3 |w (DE-627)1095346768 |w (DE-576)025346768 |7 am | |
| 951 | |a MV | ||
| ELC | |b 1 | ||
| LOK | |0 000 xxxxxcx a22 zn 4500 | ||
| LOK | |0 001 2170310002 | ||
| LOK | |0 003 DE-627 | ||
| LOK | |0 004 1095347411 | ||
| LOK | |0 005 20151013102912 | ||
| LOK | |0 008 910820||||||||||||||||ger||||||| | ||
| LOK | |0 040 |a DE-21 |c DE-627 |d DE-21 | ||
| LOK | |0 852 |a DE-21 | ||
| LOK | |0 852 1 |c KB 18 A 8451-3 |9 00 | ||
| LOK | |0 935 |a krim | ||
| LOK | |0 939 |a 20-08-91 |b l01 | ||
| ORI | |a SA-MARC-krimdoka001.raw | ||
| SIG | |a UB: KB 18 A 8451-3 | ||
